Pressure Entities But Described Badly - Statistics

General Stats
  • This quiz has been taken 169 times
  • The average score is 12 of 18
Answer Stats
(Bad) Description Entity % Correct
Loud Pinkie
94%
Rebound Froger
92%
Nyoom Blitz
89%
Expendable at Door 30 Pandemonium
89%
500 cigarettes Chainsmoker
87%
Staring contest Eyefestation
85%
Computer p.AI.nter
85%
Squidward Squiddles
77%
Tentacle locker Puddles of Void-Mass
72%
Tumblr sexyman Sebastian Solace
62%
Jumpscare Styx
62%
Get trolled Good People
61%
Remote-control schizophrenia Not-So-Imaginary Friend
54%
He's right behind me isn't he Wall-Dwellers
50%
Get off my lawn The DiVine
48%
You're my friend now, we're having soft tacos later :D Searchlights
47%
He's just standing there, MENACINGLY! Abstract Art
37%
Om nom nom Parasites
16%
No matching quizzes found
Score Distribution
Percent of People with Each Score
Percentile by Number Answered
Your Score History
You have not taken this quiz